|
|
|
|
| LEADER |
00000nam2a2200000 4500 |
| 001 |
198170 |
| 005 |
20231101224810.0 |
| 035 |
|
|
|a (RuTPU)RU\TPU\book\216155
|
| 035 |
|
|
|a RU\TPU\book\206472
|
| 090 |
|
|
|a 198170
|
| 100 |
|
|
|a 20110624d2009 k y0rusy50 ca
|
| 101 |
0 |
|
|a rus
|
| 102 |
|
|
|a RU
|
| 105 |
|
|
|a a z 001zy
|
| 200 |
0 |
|
|a Т. 2: Расчеты напряженно-деформированного состояния и остаточного ресурса оборудования
|
| 210 |
|
|
|d 2009
|
| 215 |
|
|
|a 404 с.
|c ил.
|
| 320 |
|
|
|a Библиогр.: с. 388-399.
|
| 330 |
|
|
|a В монографии рассмотрены наиболее сложные и интересные случаи диагностики оборудования нефтехимических, нефтеперерабатывающих, гидролизных и других производств, показано влияние различных видов коррозии, характера нагрузок и продолжительности эксплуатации при высоких давлениях и температурах в водородсодержащих и других агрессивных средах на техническое состояние оборудования. Приведены примеры нестандартных расчетов НДС и остаточного ресурса оборудования, технические решения, позволившие выполнить уникальные ремонты и продлить ресурс работы оборудования. Рассмотрены примеры диагностики по новым направлениям (разъемные соединения и арматура, расчетно-экспериментальная оценка вибрационного состояния трубных обвязок компрессоров, использование АЭ-контроля для диагностики подъемных сооружений и аппаратов из стеклопластика). Обоснована необходимость и приведены примеры проведения входного контроля как составляющей части оценки технического состояния оборудования, поступающего в эксплуатацию. Рассмотрены результаты комплексных исследований трубопроводов ПМТП под давлением до разрушения, при растягивающих и ударных нагрузках и температуре до - 60 "С..
|
| 461 |
|
1 |
|0 (RuTPU)RU\TPU\book\216628
|y 978-5-8038-0573-1
|t Практическая диагностика
|o в 3 т.
|f Российская Инженерная Академия ; под ред. А. М. Кузнецова
|v Т. 2: Расчеты напряженно-деформированного состояния и остаточного ресурса оборудования
|d 2009
|
| 606 |
1 |
|
|a Химические заводы
|x Оборудование
|x Техническая диагностика
|2 stltpush
|3 (RuTPU)RU\TPU\subj\31236
|9 54143
|
| 610 |
1 |
|
|a химические реакторы
|
| 610 |
1 |
|
|a автоклавные реакторы
|
| 610 |
1 |
|
|a трубчатые реакторы
|
| 610 |
1 |
|
|a регенераторы
|
| 610 |
1 |
|
|a варочные котлы
|
| 610 |
1 |
|
|a катализаторы
|
| 610 |
1 |
|
|a ванные печи
|
| 610 |
1 |
|
|a коксовые печи
|
| 610 |
1 |
|
|a химические колонны
|
| 675 |
|
|
|a 66.02.004
|v 3
|
| 801 |
|
1 |
|a RU
|b 63413507
|c 20110111
|
| 801 |
|
2 |
|a RU
|b 63413507
|c 20150723
|g RCR
|
| 900 |
|
|
|a Техническая диагностика
|
| 942 |
|
|
|c BK
|
| 959 |
|
|
|a 81/20101108
|d 1
|e 7080,00
|f ЧЗТЛ:1
|